000 00635nam a22002297a 4500
001 32840
003 UA-OsUOA
005 20220527151120.0
007 ta
008 20050214b un ||||| |||| 00| 0 ukr d
040 _aUA-OsUOA
_brus
_cUA-OsUOA
_dUA-OsUOA
041 _arus
044 _aRU
080 _a821.124
090 _a821.124
_bП67
245 _aПоэзия Латинской Америки
_cвступ. статья В. Столбов
260 _aМосква
_bХудожественная литература
_c1975
300 _a710 с.
_bІлюстрації
650 7 _2UDC
942 _cBK
_2udc
955 _a0
999 _c319293
_d319293